000 00319nam a22001217a 4500
040 _cHS
082 _a634
100 _aជីប ប៊ុនថាវីន
245 _aថ្នាលបណ្តុះកូនឈើ
260 _aCambodia
_bជីប ប៊ុនថាវីន
_cNA
300 _a31p;
942 _cKB
999 _c9274
_d9274